| 000 | 00000nam 2200000za 4500 |
| 001 | 9.822483 |
| 003 | CaOODSP |
| 005 | 20221107143704 |
| 007 | cr ||||||||||| |
| 008 | 160812s2013 onc o f000 0 eng d |
| 040 | |aCaOODSP|beng |
| 043 | |an-cn--- |
| 086 | 1 |aSG5-65/2013E-PDF |
| 245 | 00|aAre you still issuing paper records of employment? |h[electronic resource]. |
| 260 | |a[Ottawa] : |bService Canada, |c[2013] |
| 300 | |a[1] p. |
| 500 | |aIssued also in French under title: Produisez-vous encore des relevés d'emploi papier? |
| 692 | 07|2gccst|aRecord of employment |
| 710 | 1 |aCanada. |bService Canada. |
| 775 | 08|tProduisez-vous encore des relevés d'emploi papier? |w(CaOODSP)9.822484 |
| 856 | 40|qPDF|s1.07 MB|uhttps://publications.gc.ca/collections/collection_2016/servcan/SG5-65-2013-eng.pdf |
| 986 | |aIN-465-11-13 |